| 000 | 00568nam a2200193 i 4500 | ||
|---|---|---|---|
| 001 | 123718 | ||
| 003 | ES-MaACL | ||
| 005 | 20250716063301.0 | ||
| 007 | t| | ||
| 008 | 070214s1957 sp |||| | spa d | ||
| 100 | 0 |
_aRamón Llull, _cBeato, _dca. 1232-1316? _995219 |
|
| 245 | 1 | 0 |
_aPensamientos de Ramón Llull / _cselección y notas de Antonio C. Gavaldá. |
| 250 | _a1ª ed. | ||
| 260 |
_aBarcelona : _bSintes, _c1957. |
||
| 300 |
_a69 p. ; _c17 cm. |
||
| 700 | 1 |
_aCunillera, Antonio. _942180 |
|
| 852 |
_aES-MaACL _jC-18092 |
||
| 999 |
_c123718 _d123718 |
||